| 000 | 00703nam a22001937a 4500 | ||
|---|---|---|---|
| 999 |
_c18637 _d18637 |
||
| 003 | AR-CdUCM | ||
| 008 | 190514b ||||| |||| 00| 0 spa d | ||
| 040 |
_aMUNICIPALIDAD PROVINCIAL DEL CUSCO _cBIBLIOTECA MUNICIPAL DEL CUSCO |
||
| 082 |
_a329.947 / _bL45 |
||
| 100 |
_aLenin, V. I. _94963 |
||
| 245 | _aAcerca de los sindicatos / | ||
| 260 |
_aMoscu : _bProgreso, |
||
| 300 |
_a396 páginas ; _c21 cm. |
||
| 505 | _aProyecto del programa del partido social demócrata y explicación del mismo -- Protesta de los socialdemocratas en Rusia -- Sobre la huelga -- Nuestro programa ... | ||
| 650 |
_aSocialdemocrata. _939346 |
||
| 650 |
_aPartido obrero. _939347 |
||
| 942 |
_2ddc _cLIBROS |
||
| 945 | _awfj | ||